00898nab a2200193 i 4500001000400000003000400004005001700008008003900025040000800064080001600072100015700088245005800245260001000303500002100313520021800334650001300552650001200565773012700577BPPBPK20180418141801.0151005s1999 pl n f |000 0pol cBPK a94(438).083 aPARTACZ, Czesław.d 1996 - 1999.bPolitechnika Koszalińska - Instytut Zarządzania i Marketingu,cKatedra Historii i Stosunków Międzynarodowych. aArmia Czerwona a Polacy i Niemcy /cCzesław Partacz. c1999. aDane z autopsji. aAutor przedstawia zachowania żołnierzy Armii Czerwonej na Ziemiach Odzyskanych Polski, ich rabunkową "trofiejną" gospodarkę oraz repatriację Niemców do okupowanych Niemiec z Połczyna Zdroju i okolic. 0aPolska.  aNiemcy. iW :tKoszalińskie Studia i Materiały. -dKoszalin : Koszaliński Ośrodek Naukowo-Badawczy, 1999. -gnr 1, s. 329-335